000 00637nam a2200217Ia 4500
003 OSt
005 20250207163227.0
008 210210b1949 xxu||||| |||| 00| 0 eng d
040 _cAL
041 _aHindi
082 _a868/13
100 _aBHARGAV (Duralelal)
_dदुरालेलाल भार्गव
_9198440
245 _aDvijendralal roy
_bद्विजेंद्रलाल रॉय
260 _aLakhnav
_b-
_c1949
650 _aroy
_9198441
650 _aDvijendralal
_9198442
690 _aBiography
_9198443
700 _aPANDEY (R)
_d पांडे (आर)
_9198444
906 _a023739
942 _2ddc
_cBK
999 _c148705
_d148705